La dinámica de la pobreza y las variables de población en la Argentina (Registro nro. 33365)

Detalles MARC
000 -LEADER
fixed length control field 00416 a2200121 4500
001 - CONTROL NUMBER
control field ART_44806
005 - DATE AND TIME OF LATEST TRANSACTION
control field 20260410162024.0
008 - FIXED-LENGTH DATA ELEMENTS--GENERAL INFORMATION
fixed length control field 260409a
100 1# - MAIN ENTRY--PERSONAL NAME
Personal name Santillán Pizarro, María Marta
245 10 - TITLE STATEMENT
Title La dinámica de la pobreza y las variables de población en la Argentina
700 1# - ADDED ENTRY--PERSONAL NAME
Personal name Laplante, Benoît
773 0# - HOST ITEM ENTRY
Title Notas de población
Related parts - Año XXXVI, Nº 89 (jul./dic. 2009)
Record control number REV41841

No hay ítems disponibles.